| 000 | 00566cam a2200169 a 4500 | ||
|---|---|---|---|
| 001 | 000001565 | ||
| 005 | 20200929145624.0 | ||
| 008 | 760429s1975 fr a j 000 j fre | ||
| 040 |
_aDO-SdBNP _bspa _cBNPHU |
||
| 082 |
_a840.08341 _bA981r |
||
| 100 | 1 |
_aAylwin, Louise. _95125 |
|
| 245 | 1 | 0 |
_aRaminagradu : _bhistoires ordinaires pour enfants extraordinaires / _cLouise Aylwin. |
| 260 |
_aMontréal : _bDu Jour, _c1975. |
||
| 300 |
_a96 p. : _bil. ; _c23 cm. |
||
| 650 | 4 |
_aCuentos infantiles canadiense _xColecciones _95126 |
|
| 650 | 4 |
_aLiteratura infantil canadiense _95127 |
|
| 999 |
_c1464 _d1464 |
||